000 01081nam a22002537a 4500
001 7868
003 FISKH
005 20250812121531.0
008 250812b cb ||||| |||| 00| 0 eng d
040 _aFISKH
_beng
_cFISKH
_dFISKH
050 _aPZ7
082 _a398.8
100 _aAnonymous
245 _aTime for bed :
_cValues & lessons /
260 _aNashville :
_bClever Factory,
_c1997
300 _a8 unnumbered pages :
_bcolor illustrations ;
_c22 cm
505 _aC
520 _aFocuses on teaching children moral values alongside a soothing nighttime routine. While detailed plot descriptions are scarce, it's intended to blend the comforting ritual of bedtime with gentle lessons about character, behavior, and positive life values. These types of books often simplify themes like respect, kindness, responsibility, or calmness, making them ideal for toddlers and early readers.
521 8 _a100
_bLexile estimate
521 8 _aC
_bRaz-Plus
650 _aMoral education
_vPicture book
_xEarly childhood
942 _2ddc
_cBK
_n0
999 _c7868
_d7868